Principal designer's handbook and Guide to CDM 2015 Regulations (Record no. 115886)
[ view plain ]
| 000 -LEADER | |
|---|---|
| fixed length control field | 01012cam a22002535a 4500 |
| 001 - CONTROL NUMBER | |
| control field | L159422 |
| 008 - FIXED-LENGTH DATA ELEMENTS--GENERAL INFORMATION | |
| fixed length control field | 170609s2015 xxk f 000 0 eng d |
| 020 ## - INTERNATIONAL STANDARD BOOK NUMBER | |
| International Standard Book Number | 9781859466926 |
| 035 ## - SYSTEM CONTROL NUMBER | |
| System control number | (Sirsi) u159422 |
| 041 0# - LANGUAGE CODE | |
| Language code of text/sound track or separate title | eng |
| 050 04 - LIBRARY OF CONGRESS CALL NUMBER | |
| Classification number | 344.410465 ASS |
| 110 2# - MAIN ENTRY--CORPORATE NAME | |
| Corporate name or jurisdiction name as entry element | Assocation for Project Safety |
| 9 (RLIN) | 6182 |
| 245 00 - TITLE STATEMENT | |
| Title | Principal designer's handbook and Guide to CDM 2015 Regulations |
| 260 ## - PUBLICATION, DISTRIBUTION, ETC. | |
| Place of publication, distribution, etc. | Newcastle-upon-Tyne |
| Name of publisher, distributor, etc. | RIBA Publishing |
| Date of publication, distribution, etc. | 2015 |
| 300 ## - PHYSICAL DESCRIPTION | |
| Extent | x, 102p 20 cm |
| 520 ## - SUMMARY, ETC. | |
| Summary, etc. | Aimed specifically at Designers taking on the role of Principal Designer on small to medium sized projects explaining their responsibilities in relation to the CDM Regulations 2015. The role of the Principal Design is to control the Pre-Construction Phase of a construction project relating to health and safety |
| 590 ## - LOCAL NOTE (RLIN) | |
| Local note | NTK |
| 650 24 - SUBJECT ADDED ENTRY--TOPICAL TERM | |
| Topical term or geographic name entry element | CDM 2015 |
| 650 24 - SUBJECT ADDED ENTRY--TOPICAL TERM | |
| Topical term or geographic name entry element | PRINCIPAL DESIGNER |
| 651 #4 - SUBJECT ADDED ENTRY--GEOGRAPHIC NAME | |
| Geographic name | United Kingdom |
| 690 ## - LOCAL SUBJECT ADDED ENTRY--TOPICAL TERM (OCLC, RLIN) | |
| Topical term or geographic name as entry element | Health and safety |
| 9 (RLIN) | 6244 |
| 690 ## - LOCAL SUBJECT ADDED ENTRY--TOPICAL TERM (OCLC, RLIN) | |
| Topical term or geographic name as entry element | Construction management |
| 9 (RLIN) | 6230 |
| 942 ## - ADDED ENTRY ELEMENTS (KOHA) | |
| Suppress in OPAC | 0 |
| Source of classification or shelving scheme | Dewey Decimal Classification |
| Withdrawn status | Lost status | Source of classification or shelving scheme | Damaged status | Not for loan | Home library | Current library | Shelving location | Date acquired | Total Checkouts | Full call number | Barcode | Date last seen | Copy number | Price effective from | Koha item type |
|---|---|---|---|---|---|---|---|---|---|---|---|---|---|---|---|
| Dewey Decimal Classification | London | London | Books | 09/06/2017 | 658 ASS | 30078421 | 06/08/2019 | 1 | 06/08/2019 | Book |